000 00437nam a2200109Ia 4500
008 160909s9999 xx 000 0 und d
100 _aKudak, Martha E.
245 2 _aA Comparison of Adult Learner Needs and Satisfaction Levels in Two Program Delivery Models within One Community College
260 _bSaint Mary's University of Minnesota
_c2016
650 _aEDUC/SPED
856 _uhttp://pqdtopen.proquest.com/doc/1758022118.html?FMT=ABS
999 _c305045
_d305045